| 000 | 01017nam a2200265 a 4500 | ||
|---|---|---|---|
| 001 | 43311 | ||
| 003 | BD-RjUL | ||
| 005 | 20211209053700.0 | ||
| 008 | 160621s1955 ii bi 000 0 eng | ||
| 035 | _a(BD-RjUL)43429 | ||
| 035 | _a(OCoLC)3155748 | ||
| 040 |
_aDLC _cTNJ _dNcRS _dDLC _dBD-RjUL _beng |
||
| 041 | _aeng | ||
| 082 |
_223 _a025.463982 _bTHM 1955-57 |
||
| 100 | 1 |
_aThompson, Stith, _9133024 |
|
| 245 | 1 | 0 |
_aMotif-index of folk-literature : _ba classification of narrative elements in folktales, ballads, myths, fables, mediaeval romances, exempla, fabliaux, jest-books, and local legends / _cby, Stith Thompson |
| 250 | _aRev. and enl. ed. | ||
| 260 |
_aBloomington : _bIndia U nversity Press, _c1955-57 |
||
| 300 |
_a 6 volumes ; _c26 cm. |
||
| 505 | 0 | _aVol. 1. A-C -- v. 2. D-E -- v. 3. F-H -- v. 4. J-K -- v. 5. L-Z -- | |
| 650 | 0 |
_aFolklore _xClassification. _9133025 |
|
| 650 | 0 |
_aFolk literature _xThemes, motives. _9133026 |
|
| 650 | 0 |
_aFolk literature _vBibliography. _9133027 |
|
| 942 |
_2ddc _cBK |
||
| 999 |
_c43311 _d43311 |
||